[Event "BCF-chT3 0607 (4NCL)"]
[Site "Sunningdale"]
[Date "2006.11.12"]
[Round "4.2"]
[White "Wallace, Paul Anthony"]
[Black "Sheldon, Ruth"]
[Result "1/2-1/2"]
[WhiteElo "2242"]
[BlackElo "2264"]
[PlyCount "62"]
[EventDate "2006.09.16"]
[EventType "team"]
[EventRounds "11"]
[EventCountry "ENG"]
[SourceTitle "EXT 2008"]
[Source "ChessBase"]
[SourceDate "2007.11.25"]
[SourceVersion "1"]
[SourceVersionDate "2007.11.25"]
[SourceQuality "1"]
[WhiteTeam "Cheddleton"]
[BlackTeam "Pride and Prejudice "]
[WhiteTeamCountry "ENG"]
[BlackTeamCountry "ENG"]

1. e4 c5 2. Nf3 e6 3. d4 cxd4 4. Nxd4 Nc6 5. Nc3 Qc7 6. Be3 a6 7. Bd3 Nf6 8. 0-0 Ne5 9. Nf3 Bc5 10. Bxc5 Qxc5 11. Nxe5 Qxe5 12. f4 Qc5+ 13. Kh1 d6 14. Qf3 h5 15. Rae1 Bd7 16. e5 Bc6 17. Qg3 h4 18. Qh3 Nd7 19. exd6 0-0-0 20. Ne4 Bxe4 21. Rxe4 Kb8 22. f5 Ne5 23. fxe6 Nxd3 24. e7 Nf2+ 25. Rxf2 Qxf2 26. Qe3 Qxe3 27. Rxe3 Rxd6 28. e8Q+ Rxe8 29. Rxe8+ Ka7 30. h3 Rd2 31. Rc8 Rf2 1/2-1/2

[Event "BCF-chT3 0607 (4NCL)"]
[Site "Sunningdale"]
[Date "2006.11.11"]
[Round "3.2"]
[White "Sheldon, Ruth"]
[Black "Ruston, Mark"]
[Result "0-1"]
[WhiteElo "2264"]
[BlackElo "2086"]
[PlyCount "62"]
[EventDate "2006.09.16"]
[EventType "team"]
[EventRounds "11"]
[EventCountry "ENG"]
[SourceTitle "EXT 2008"]
[Source "ChessBase"]
[SourceDate "2007.11.25"]
[SourceVersion "1"]
[SourceVersionDate "2007.11.25"]
[SourceQuality "1"]
[WhiteTeam "Pride and Prejudice "]
[BlackTeam "Slough Sharks III"]
[WhiteTeamCountry "ENG"]
[BlackTeamCountry "ENG"]

1. d4 d5 2. c4 c6 3. Nf3 Nf6 4. Nc3 e6 5. e3 Nbd7 6. Qc2 Bd6 7. Bd2 0-0 8. h3 Re8 9. 0-0-0 dxc4 10. Bxc4 b5 11. Bd3 Bb7 12. Kb1 b4 13. Na4 Qa5 14. e4 e5 15. dxe5 Bxe5 16. Nxe5 Nxe5 17. Nc5 Nxd3 18. Nxb7 Qa6 19. Nd6 Nxf2 20. Qb3 Re6 21. e5 Nxh1 22. Rxh1 Qe2 23. Be3 Nd5 24. Bd4 Rxd6 25. exd6 Qe4+ 26. Qc2 Qxd4 27. Qxc6 Nb6 28. Re1 g6 29. Qc7 Rf8 30. Rc1 Rc8 31. Qe7 Qd3+ 0-1

[Event "BCF-chT3 0607 (4NCL)"]
[Site "Sunningdale"]
[Date "2006.09.16"]
[Round "1.2"]
[White "Sheldon, Ruth"]
[Black "Coates, Kenneth G"]
[Result "0-1"]
[WhiteElo "2264"]
[BlackElo "2218"]
[PlyCount "112"]
[EventDate "2006.09.16"]
[EventType "team"]
[EventRounds "11"]
[EventCountry "ENG"]
[SourceTitle "CBM 115 Extra"]
[Source "ChessBase"]
[SourceDate "2007.01.10"]
[SourceVersion "1"]
[SourceVersionDate "2007.01.10"]
[SourceQuality "1"]
[WhiteTeam "Pride and Prejudice "]
[BlackTeam "NW Eagles II"]
[WhiteTeamCountry "ENG"]
[BlackTeamCountry "ENG"]

1. d4 d5 2. c4 c6 3. Nf3 Nf6 4. Nc3 dxc4 5. a4 Bf5 6. Ne5 Nbd7 7. Nxc4 Qc7 8. g3 e5 9. dxe5 Nxe5 10. Bf4 Nfd7 11. Qd4 f6 12. Rd1 Bc5 13. Nd6+ Qxd6 14. Qxd6 Bxd6 15. Rxd6 0-0-0 16. Bg2 Nc5 17. Rxd8+ Rxd8 18. b4 Ne6 19. Be3 Nd4 20. 0-0 Nc4 21. Bf4 h6 22. h3 Ne6 23. Bc1 Nd4 24. g4 Bg6 25. Bf4 Ne6 26. Bg3 Rd2 27. e3 Bd3 28. Ra1 Kd7 29. Ne4 Bxe4 30. Bxe4 Nd6 31. Bg2 a6 32. Rb1 Nc7 33. e4 Nc4 34. Bf4 Rd4 35. Bg3 Nd2 36. Rd1 Ne6 37. f4 Nc4 38. Rc1 Nd2 39. Rd1 Nc4 40. Bf3 Rxd1+ 41. Bxd1 Ne3 42. Be2 Nd4 43. Bd3 Nec2 44. Kf2 Nxb4 45. Bb1 b5 46. Ke3 Ne6 47. f5 Ng5 48. Be1 c5 49. Bxb4 cxb4 50. axb5 axb5 51. h4 Nf7 52. Kd4 Kd6 53. Bd3 Ne5 54. Be2 Nc6+ 55. Ke3 Kc5 56. Bd1 Ne5 0-1

[Event "BCF-chT4 0506 (4NCL)"]
[Site "West Bromwich"]
[Date "2006.03.19"]
[Round "8.2"]
[White "Thomas, Jac"]
[Black "Sheldon, Ruth"]
[Result "0-1"]
[WhiteElo "2020"]
[BlackElo "2256"]
[PlyCount "50"]
[EventDate "2005.11.05"]
[EventType "team"]
[EventRounds "11"]
[EventCountry "ENG"]
[SourceTitle "CBM 109 Extra"]
[Source "ChessBase"]
[SourceDate "2006.01.03"]
[SourceVersion "2"]
[SourceVersionDate "2006.01.03"]
[SourceQuality "1"]
[WhiteTeam "Monmouth"]
[BlackTeam "Pride and Prejudice "]
[WhiteTeamCountry "ENG"]
[BlackTeamCountry "ENG"]

1. e4 c5 2. d4 cxd4 3. c3 d3 4. Bxd3 Nc6 5. f4 e5 6. Nf3 Nf6 7. 0-0 Bc5+ 8. Kh1 d6 9. Qe2 Qc7 10. f5 h6 11. a4 a6 12. g4 Bd7 13. g5 hxg5 14. Bxg5 Nh5 15. Qg2 Ne7 16. Bxe7 Kxe7 17. Qg5+ f6 18. Qg4 g5 19. Bc4 Nf4 20. Ne1 Rh4 21. Qg3 Rah8 22. Nf3 Rh3 23. Qg4 Be8 24. Nd4 Rxh2+ 25. Kg1 Rg2+ 0-1

[Event "BCF-chT4 0506 (4NCL)"]
[Site "West Bromwich"]
[Date "2005.12.03"]
[Round "3.3"]
[White "Hall, Daniel"]
[Black "Sheldon, Ruth"]
[Result "0-1"]
[WhiteElo "2080"]
[BlackElo "2256"]
[PlyCount "70"]
[EventDate "2005.11.05"]
[EventType "team"]
[EventRounds "11"]
[EventCountry "ENG"]
[SourceTitle "CBM 109 Extra"]
[Source "ChessBase"]
[SourceDate "2006.01.03"]
[SourceVersion "2"]
[SourceVersionDate "2006.01.03"]
[SourceQuality "1"]
[WhiteTeam "Brown Jack"]
[BlackTeam "Pride and Prejudice "]
[WhiteTeamCountry "ENG"]
[BlackTeamCountry "ENG"]

1. e4 c5 2. Nf3 e6 3. Nc3 Nc6 4. d4 cxd4 5. Nxd4 Qc7 6. Be2 a6 7. 0-0 Nf6 8. Kh1 Bb4 9. Nxc6 bxc6 10. Qd4 Bd6 11. Qe3 Bb7 12. f4 e5 13. f5 Be7 14. Na4 d5 15. Bd3 Rd8 16. Re1 dxe4 17. Bc4 0-0 18. Qe2 Qc8 19. Rf1 c5 20. Be3 Qc6 21. Nc3 Rd4 22. g4 Rxc4 23. Qxc4 Nxg4 24. Nd1 Rd8 25. Qe2 h5 26. h3 Nxe3 27. Nxe3 Bg5 28. Rg1 Qh6 29. Ng2 Rd2 30. Qe1 e3 31. Rd1 Bf3 32. Rxd2 exd2 33. Qb1 Qc6 34. b4 Bxg2+ 35. Rxg2 Qf3 0-1

[Event "Olympiad Women-35"]
[Site "Bled"]
[Date "2002.10.29"]
[Round "4.3"]
[White "Seps, Monika"]
[Black "Sheldon, Ruth"]
[Result "1-0"]
[WhiteElo "2067"]
[BlackElo "2288"]
[PlyCount "83"]
[EventDate "2002.10.26"]
[EventType "team-swiss"]
[EventRounds "14"]
[EventCountry "SLO"]
[SourceTitle "EXT 2003"]
[Source "ChessBase"]
[SourceDate "2002.11.25"]
[SourceVersion "1"]
[SourceVersionDate "2002.11.25"]
[SourceQuality "1"]
[WhiteTeam "Switzerland (W)"]
[BlackTeam "England (W)"]
[WhiteTeamCountry "SUI"]
[BlackTeamCountry "ENG"]

1. e4 c5 2. Nf3 e6 3. d4 cxd4 4. Nxd4 Nc6 5. Nc3 Qc7 6. g3 a6 7. Bg2 Nf6 8. 0-0 Be7 9. a4 0-0 10. Nb3 d6 11. Qe2 b6 12. h3 Bb7 13. Be3 Nd7 14. f4 Bf6 15. Nd1 Nc5 16. Nxc5 bxc5 17. c3 Na5 18. Nf2 Bc6 19. Ng4 Be7 20. b4 Nb7 21. b5 axb5 22. axb5 Bd7 23. c4 f5 24. exf5 exf5 25. Bd5+ Kh8 26. Bd2 Rae8 27. Ne3 Qb8 28. Qf3 Bc8 29. Bc3 Bf6 30. Bxf6 Rxf6 31. Bc6 Ree6 32. Ra3 d5 33. Nxd5 Rf8 34. Nb6 Nd8 35. Ra8 Qxb6 36. Rxc8 Qa5 37. Qf2 Qa3 38. Rd1 Qa5 39. Qd2 Qb6 40. Rxd8 Re1+ 41. Qxe1 Rxd8 42. Rxd8+ 1-0

[Event "BCF-chT 0102 (4NCL)"]
[Site "Birmingham"]
[Date "2002.03.24"]
[Round "8.8"]
[White "Keeling, Karen"]
[Black "Sheldon, Ruth"]
[Result "0-1"]
[WhiteElo "2048"]
[BlackElo "2310"]
[PlyCount "88"]
[EventDate "2001.09.22"]
[EventType "team"]
[EventRounds "11"]
[EventCountry "ENG"]
[SourceTitle "CBM 084 Extra"]
[Source "ChessBase"]
[SourceDate "2001.10.26"]
[SourceVersion "1"]
[SourceVersionDate "2001.10.26"]
[SourceQuality "1"]
[WhiteTeam "Thistle White Rose"]
[BlackTeam "Beeson Gregory"]
[WhiteTeamCountry "ENG"]
[BlackTeamCountry "ENG"]

1. c4 Nf6 2. g3 g6 3. Bg2 Bg7 4. Nc3 0-0 5. d3 e5 6. e4 d6 7. Nge2 c6 8. 0-0 Be6 9. Bg5 h6 10. Be3 Na6 11. Kh1 Ng4 12. Bd2 Nc5 13. Be1 f5 14. b4 Nd7 15. h3 Ngf6 16. exf5 gxf5 17. f4 Qe8 18. Rb1 a5 19. a3 axb4 20. axb4 Qh5 21. Kg1 Qg6 22. Qd2 Nh5 23. Kh2 Ndf6 24. b5 Bd7 25. Bf2 Kh8 26. Rb3 Rg8 27. Rg1 Qf7 28. Rgb1 Rae8 29. bxc6 Bxc6 30. Bxc6 bxc6 31. Rb7 Re7 32. R7b6 Rc7 33. Rb8 Nd7 34. Rxg8+ Qxg8 35. Be3 Kh7 36. Qe1 Qe8 37. Qd2 Nf8 38. Rb6 Ng6 39. fxe5 dxe5 40. Rb1 Qe6 41. Na4 f4 42. Bf2 fxg3+ 43. Bxg3 Nxg3 44. Nxg3 Nf4 0-1

[Event "BCF-chT 0001 (4NCL)"]
[Site "Birmingham"]
[Date "2001.03.17"]
[Round "7.8"]
[White "Sheldon, Ruth"]
[Black "Tidman, Sophie E"]
[Result "1-0"]
[WhiteElo "2301"]
[BlackElo "2003"]
[PlyCount "75"]
[EventDate "2000.09.??"]
[EventType "team"]
[EventRounds "11"]
[EventCountry "ENG"]
[SourceTitle "EXT 2002"]
[Source "ChessBase"]
[SourceDate "2001.11.25"]
[SourceVersion "1"]
[SourceVersionDate "2001.11.25"]
[SourceQuality "1"]
[WhiteTeam "IND"]
[BlackTeam "Midland Monarchs"]
[WhiteTeamCountry "ENG"]
[BlackTeamCountry "ENG"]

1. d4 Nf6 2. c4 c5 3. d5 e6 4. Nc3 exd5 5. cxd5 d6 6. e4 g6 7. Bd3 Bg7 8. h3 0-0 9. Nge2 Qe7 10. Ng3 a6 11. a4 b6 12. 0-0 Bb7 13. Kh1 Qc7 14. Qe2 Nbd7 15. f4 Rae8 16. Qf2 c4 17. Bc2 Nc5 18. Be3 h5 19. a5 Qe7 20. e5 dxe5 21. f5 Nd3 22. Bxd3 cxd3 23. axb6 Rc8 24. Nge4 Nxe4 25. Nxe4 Qb4 26. Nc3 e4 27. Ra4 Qd6 28. Rxe4 Bxd5 29. Nxd5 Qxd5 30. Re7 Rc2 31. Qg3 d2 32. Rd1 Qd8 33. Rc7 Rxb2 34. fxg6 fxg6 35. Qxg6 Qf6 36. Qxf6 Bxf6 37. Rxd2 Rxb6 38. Bxb6 1-0

[Event "BCF-chT 9900 (4NCL)"]
[Site "Birmingham"]
[Date "2000.01.23"]
[Round "6.7"]
[White "Sheldon, Ruth"]
[Black "Pein, Malcolm"]
[Result "1/2-1/2"]
[WhiteElo "2281"]
[BlackElo "2436"]
[PlyCount "66"]
[EventDate "1999.10.??"]
[EventType "team"]
[EventRounds "11"]
[EventCountry "ENG"]
[SourceTitle "EXT 2000"]
[Source "ChessBase"]
[SourceDate "1999.11.16"]
[SourceVersion "1"]
[SourceVersionDate "1999.11.16"]
[SourceQuality "1"]
[WhiteTeam "NW Eagles"]
[BlackTeam "Wood Green"]
[WhiteTeamCountry "ENG"]
[BlackTeamCountry "ENG"]

1. d4 Nf6 2. c4 g6 3. Nc3 d5 4. cxd5 Nxd5 5. e4 Nxc3 6. bxc3 Bg7 7. Be3 c5 8. Qd2 Qa5 9. Rc1 0-0 10. Nf3 Bg4 11. Ng5 cxd4 12. cxd4 Qxd2+ 13. Kxd2 h6 14. h3 Bd7 15. Nf3 e6 16. Bd3 Nc6 17. Rb1 b6 18. Rhc1 Rfd8 19. Ke2 Be8 20. Bb5 Rac8 21. Ba6 Rc7 22. Kf1 Re7 23. e5 Nb8 24. Be2 Bc6 25. Nd2 Red7 26. Nc4 Bf8 27. Rc3 Kg7 28. f4 Bd5 29. Bf2 Be7 30. a4 Nc6 31. Nd2 Bb4 32. Rc2 Bxd2 33. Rxd2 Be4 1/2-1/2

[Event "Wch U20 Girls"]
[Site "Yerevan"]
[Date "1999.09.22"]
[Round "5"]
[White "Schmidt, Jessica"]
[Black "Sheldon, Ruth"]
[Result "0-1"]
[WhiteElo "2168"]
[BlackElo "2310"]
[PlyCount "72"]
[EventDate "1999.09.18"]
[EventType "swiss"]
[EventRounds "13"]
[EventCountry "ARM"]
[SourceTitle "CBM 072 Extra"]
[Source "ChessBase"]
[SourceDate "1999.11.18"]
[SourceVersion "1"]
[SourceVersionDate "1999.11.18"]
[SourceQuality "1"]

1. d4 Nf6 2. c4 g6 3. Nc3 Bg7 4. e4 d6 5. Nf3 0-0 6. Be2 Na6 7. 0-0 e5 8. Be3 Ng4 9. Bg5 Qe8 10. dxe5 dxe5 11. h3 h6 12. Bd2 Nf6 13. Be3 Qe7 14. Nd5 Qd8 15. Qc1 Kh7 16. Rd1 Nxe4 17. Nb6 axb6 18. Rxd8 Rxd8 19. a3 Nec5 20. Nd2 f5 21. b4 Nd3 22. Qf1 e4 23. Rd1 Be6 24. f3 Nb2 25. Rb1 Nb8 26. fxe4 Rxa3 27. Bf4 Nc6 28. Qc1 Ra2 29. Bxc7 Rd7 30. Bxb6 Na4 31. Be3 Nc3 32. Bf1 Nxb1 33. Qxb1 Ra1 34. Qb3 Nd4 35. Bxd4 Bxd4+ 36. Kh1 fxe4 0-1

[Event "Wch U20 Girls"]
[Site "Yerevan"]
[Date "1999.09.20"]
[Round "3"]
[White "Kuang, Yinghui"]
[Black "Sheldon, Ruth"]
[Result "1-0"]
[WhiteElo "2202"]
[BlackElo "2310"]
[PlyCount "127"]
[EventDate "1999.09.18"]
[EventType "swiss"]
[EventRounds "13"]
[EventCountry "ARM"]
[SourceTitle "CBM 072 Extra"]
[Source "ChessBase"]
[SourceDate "1999.11.18"]
[SourceVersion "1"]
[SourceVersionDate "1999.11.18"]
[SourceQuality "1"]

1. e4 c5 2. Nf3 e6 3. d3 Nc6 4. g3 g6 5. Bg2 Bg7 6. 0-0 Nge7 7. Nbd2 d6 8. Re1 0-0 9. Nf1 e5 10. c3 h6 11. Bd2 Be6 12. h4 d5 13. N3h2 h5 14. Qc1 d4 15. c4 Rb8 16. Nf3 b5 17. cxb5 Rxb5 18. Ng5 Bg4 19. b3 Qb6 20. Nh2 Bd7 21. Bf1 a5 22. Be2 Qa7 23. Qc4 Nd8 24. Rec1 a4 25. Qxa4 Qxa4 26. bxa4 Rb2 27. Ngf3 Ne6 28. a5 Nc6 29. Bd1 Nb4 30. Bxb4 Rxb4 31. Bb3 Rc8 32. Nd2 Bh6 33. Nhf3 Bb5 34. Bc4 Bxc4 35. Rxc4 Rb2 36. Nb3 Bg7 37. Ra4 f5 38. Nfd2 Rc2 39. a6 fxe4 40. a7 Nc7 41. Nxe4 Bf8 42. Rb1 c4 43. dxc4 d3 44. Rd1 Rd8 45. Nf6+ Kf7 46. Nd5 Nxd5 47. a8Q Rxa8 48. Rxa8 Nb4 49. a3 Rc3 50. axb4 Rxb3 51. c5 e4 52. Ra7+ Ke6 53. Ra6+ Kd5 54. Rb6 Rb2 55. Rxg6 Rxb4 56. Rg5+ Kd4 57. Rxh5 Bxc5 58. Rf5 Rb2 59. h5 Kc4 60. h6 Bd4 61. h7 Kc3 62. Rc5+ Kb3 63. Rd5 Bc3 64. R1xd3 1-0

[Event "BCF-chT 9899 (4NCL)"]
[Site "England"]
[Date "1999.05.03"]
[Round "11.6"]
[White "Sheldon, Ruth"]
[Black "McFarland, Robert S"]
[Result "1/2-1/2"]
[WhiteElo "2265"]
[BlackElo "2257"]
[PlyCount "103"]
[EventDate "1998.10.??"]
[EventType "team"]
[EventRounds "11"]
[EventCountry "ENG"]
[SourceTitle "EXT 2000"]
[Source "ChessBase"]
[SourceDate "1999.11.16"]
[SourceVersion "1"]
[SourceVersionDate "1999.11.16"]
[SourceQuality "1"]
[WhiteTeam "NW Eagles"]
[BlackTeam "Bristol"]
[WhiteTeamCountry "ENG"]
[BlackTeamCountry "ENG"]

1. d4 Nf6 2. c4 g6 3. Nc3 Bg7 4. e4 d6 5. Be2 0-0 6. Nf3 e5 7. d5 a5 8. Bg5 h6 9. Bh4 Na6 10. Nd2 Qe8 11. 0-0 Bd7 12. a3 a4 13. Nb5 Bxb5 14. cxb5 Nc5 15. Qc2 Nfd7 16. b4 axb3 17. Nxb3 Nxb3 18. Qxb3 Nc5 19. Qc2 f5 20. f3 fxe4 21. fxe4 Rf4 22. Bf2 Nxe4 23. Be3 Rxf1+ 24. Rxf1 Nc5 25. Bxc5 dxc5 26. Bg4 Kh7 27. Qxc5 e4 28. Be6 b6 29. Qc4 Rxa3 30. Qxe4 Qxb5 31. Bf7 Qc5+ 32. Kh1 Qd6 33. Qe8 h5 34. Bg8+ Kh6 35. Qe1 Ra1 36. Qe3+ g5 37. Rxa1 Bxa1 38. h4 Bf6 39. Qe4 Qe7 40. hxg5+ Bxg5 41. Qxe7 Bxe7 42. Kg1 Bd6 43. Kf2 Kg5 44. Ke3 b5 45. Kd4 Kf4 46. Be6 h4 47. Bd7 Kg3 48. Bh3 Kf2 49. Kc3 Ke3 50. Bd7 Ke2 51. Bg4+ Kf2 52. Bh3 1/2-1/2

[Event "Hampstead IM-A 5th"]
[Site "Hampstead"]
[Date "1999.04.13"]
[Round "7"]
[White "Sheldon, Ruth"]
[Black "Pribyl, Josef"]
[Result "1-0"]
[WhiteElo "2265"]
[BlackElo "2422"]
[PlyCount "65"]
[EventDate "1999.04.??"]
[EventType "tourn"]
[EventRounds "9"]
[EventCountry "ENG"]
[EventCategory "3"]
[SourceTitle "CBM 070 Extra"]
[Source "ChessBase"]
[SourceDate "1999.07.10"]
[SourceVersion "1"]
[SourceVersionDate "1999.07.10"]
[SourceQuality "1"]

1. d4 Nf6 2. c4 g6 3. Nc3 d5 4. cxd5 Nxd5 5. Bd2 Bg7 6. e4 Nxc3 7. Bxc3 0-0 8. Qd2 b6 9. Bc4 Bb7 10. f3 Nd7 11. Nh3 e5 12. d5 a5 13. 0-0 Nc5 14. Bb5 Qd6 15. Nf2 Rad8 16. Rfd1 f5 17. b4 axb4 18. Bxb4 Rf7 19. Qe2 Qf6 20. Bxc5 bxc5 21. a4 Ra8 22. a5 Ba6 23. Bxa6 Rxa6 24. Qc4 Bf8 25. d6 Ra8 26. d7 Bd6 27. a6 Kg7 28. Qd5 Qd8 29. Nd3 Kf6 30. f4 Re7 31. fxe5+ Bxe5 32. Nxe5 Rxe5 33. Qxa8 1-0

[Event "Hampstead IM-A 5th"]
[Site "Hampstead"]
[Date "1999.04.11"]
[Round "5"]
[White "Sheldon, Ruth"]
[Black "Bekker Jensen, David"]
[Result "1-0"]
[WhiteElo "2265"]
[BlackElo "2263"]
[PlyCount "83"]
[EventDate "1999.04.??"]
[EventType "tourn"]
[EventRounds "9"]
[EventCountry "ENG"]
[EventCategory "3"]
[SourceTitle "CBM 070 Extra"]
[Source "ChessBase"]
[SourceDate "1999.07.10"]
[SourceVersion "1"]
[SourceVersionDate "1999.07.10"]
[SourceQuality "1"]

1. d4 Nf6 2. c4 g6 3. Nc3 Bg7 4. e4 d6 5. Be2 0-0 6. Nf3 Na6 7. Be3 e5 8. d5 Ng4 9. Bg5 f6 10. Bh4 h5 11. Nd2 Nh6 12. h3 c5 13. a3 Nf7 14. 0-0 Bh6 15. Rb1 Bd7 16. b4 Qe7 17. Qc2 Ng5 18. Rfe1 f5 19. Kh1 Qf7 20. Nb5 Qe7 21. exf5 Bxf5 22. Bd3 Qd7 23. Bxf5 gxf5 24. Qd1 Nh7 25. Nf1 Nf6 26. Ng3 Bg7 27. Nxh5 Nxh5 28. Qxh5 Nc7 29. bxc5 dxc5 30. Qg6 e4 31. Nxc7 Qxc7 32. Qe6+ Rf7 33. d6 Qd7 34. Qd5 Rc8 35. Be7 b6 36. a4 Bf8 37. Bxf8 Kxf8 38. a5 bxa5 39. Qe5 Kg8 40. Re3 Kh7 41. Reb3 Qe8 42. Qd5 1-0

[Event "Hampstead IM-A 5th"]
[Site "Hampstead"]
[Date "1999.04.09"]
[Round "3"]
[White "Sheldon, Ruth"]
[Black "Anderton, Matthew"]
[Result "1-0"]
[WhiteElo "2265"]
[BlackElo "2273"]
[PlyCount "119"]
[EventDate "1999.04.??"]
[EventType "tourn"]
[EventRounds "9"]
[EventCountry "ENG"]
[EventCategory "3"]
[SourceTitle "CBM 070 Extra"]
[Source "ChessBase"]
[SourceDate "1999.07.10"]
[SourceVersion "1"]
[SourceVersionDate "1999.07.10"]
[SourceQuality "1"]

1. d4 Nf6 2. c4 e6 3. Nc3 Bb4 4. Qc2 Nc6 5. Nf3 d6 6. Bd2 0-0 7. a3 Bxc3 8. Bxc3 Qe7 9. e3 e5 10. dxe5 Nxe5 11. Nd4 c5 12. Nf5 Qe6 13. Ng3 Bd7 14. Be2 Bc6 15. 0-0 h5 16. h4 Ng6 17. Qf5 Ne4 18. Qxe6 fxe6 19. Nxe4 Bxe4 20. g3 Bf3 21. Bxf3 Rxf3 22. Rad1 Rd8 23. e4 d5 24. exd5 exd5 25. cxd5 Rd6 26. Rfe1 Kf7 27. Re6 Rxe6 28. dxe6+ Kxe6 29. Bxg7 b5 30. Rd8 Rf7 31. Bc3 Ne7 32. Rh8 Rf5 33. Rh6+ Kd5 34. Rf6 Rxf6 35. Bxf6 Nf5 36. Kf1 b4 37. axb4 cxb4 38. Ke2 a5 39. Kd3 a4 40. Bh8 a3 41. bxa3 bxa3 42. Bf6 a2 43. Ba1 Nd6 44. Ke3 Ke6 45. Kf4 Kf7 46. Kg5 Ne4+ 47. Kxh5 Nxf2 48. g4 Kg8 49. g5 Nd3 50. g6 Nb4 51. g7 Kh7 52. Kg5 Nc2 53. Kf6 Kg8 54. Kg6 Nd4 55. h5 Nc6 56. h6 Ne7+ 57. Kf6 Nc6 58. Ke6 Nd8+ 59. Ke7 Nc6+ 60. Ke8 1-0

[Event "Hampstead IM-A 5th"]
[Site "Hampstead"]
[Date "1999.04.08"]
[Round "2"]
[White "Krutti, Valer"]
[Black "Sheldon, Ruth"]
[Result "0-1"]
[WhiteElo "2354"]
[BlackElo "2265"]
[PlyCount "34"]
[EventDate "1999.04.??"]
[EventType "tourn"]
[EventRounds "9"]
[EventCountry "ENG"]
[EventCategory "3"]
[SourceTitle "CBM 070 Extra"]
[Source "ChessBase"]
[SourceDate "1999.07.10"]
[SourceVersion "1"]
[SourceVersionDate "1999.07.10"]
[SourceQuality "1"]

1. c4 g6 2. e4 Bg7 3. d4 d6 4. Nc3 Nf6 5. Be2 0-0 6. Bg5 Na6 7. Qd2 e5 8. d5 Qe8 9. 0-0-0 Bd7 10. Re1 Nc5 11. f3 Nh5 12. Bd1 Nf4 13. Bc2 b5 14. g3 b4 15. Nd1 b3 16. gxf4 bxa2 17. Qa5 Ba4 0-1

[Event "Redbus KO"]
[Site "Southend"]
[Date "1999.04.02"]
[Round "1.1"]
[White "Sheldon, Ruth"]
[Black "Rowson, Jonathan"]
[Result "0-1"]
[WhiteElo "2265"]
[BlackElo "2494"]
[PlyCount "87"]
[EventDate "1999.04.??"]
[EventType "k.o."]
[EventRounds "4"]
[EventCountry "ENG"]
[SourceTitle "CBM 071"]
[Source "ChessBase"]
[SourceDate "1999.08.01"]
[SourceVersion "1"]
[SourceVersionDate "1999.08.01"]
[SourceQuality "1"]

1. d4 Nf6 2. c4 g6 3. Nc3 d5 4. cxd5 Nxd5 5. Bd2 Bg7 6. e4 Nb6 7. Be3 0-0 8. Nf3 Bg4 9. Be2 Nc6 10. d5 Bxf3 11. gxf3 Ne5 12. Qb3 c6 13. f4 Ned7 14. dxc6 bxc6 15. 0-0-0 e6 16. Qc2 Qe7 17. h4 Rfb8 18. h5 a5 19. hxg6 hxg6 20. Qd2 a4 21. Bd4 e5 22. fxe5 c5 23. Be3 Nxe5 24. Bg5 Qe6 25. Nd5 Nxd5 26. Qxd5 Qb6 27. Rd2 a3 28. f4 axb2+ 29. Kb1 Nc6 30. Bc4 Ra7 31. e5 Na5 32. Rhd1 Rd7 33. Qxd7 Nxc4 34. Qd8+ Rxd8 35. Rxd8+ Bf8 36. Rxf8+ Kxf8 37. Rd8+ Qxd8 38. Bxd8 Ke8 39. Bh4 Kd7 40. Bf2 Kc6 41. a4 Nb6 42. a5 Na4 43. Be1 Kb5 44. Kc2 0-1

[Event "Budapest Spring op 15th"]
[Site "Budapest"]
[Date "1999.03.17"]
[Round "1"]
[White "Sheldon, Ruth"]
[Black "Heyl, Thomas"]
[Result "1/2-1/2"]
[WhiteElo "2265"]
[BlackElo "2057"]
[PlyCount "71"]
[EventDate "1999.03.??"]
[EventType "swiss"]
[EventRounds "9"]
[EventCountry "HUN"]
[SourceTitle "EXT 2000"]
[Source "ChessBase"]
[SourceDate "1999.11.16"]
[SourceVersion "1"]
[SourceVersionDate "1999.11.16"]
[SourceQuality "1"]

1. d4 d5 2. c4 c6 3. Nf3 Nf6 4. Nc3 a6 5. cxd5 cxd5 6. Bf4 Nc6 7. e3 e6 8. Bd3 Be7 9. Ne5 Bd7 10. 0-0 Nxe5 11. dxe5 Ng8 12. Qb3 Bc6 13. Rad1 g5 14. Bg3 h5 15. f4 Bc5 16. Bf2 gxf4 17. exf4 Qa5 18. Qc2 Nh6 19. h3 0-0-0 20. Ne2 Bxf2+ 21. Rxf2 Qb6 22. b4 Kb8 23. Qb2 Rhg8 24. Nd4 Rg3 25. Nxc6+ bxc6 26. Kh1 Rdg8 27. Rc2 Qe3 28. Rf1 Qxd3 29. Qc1 Nf5 30. Rxc6 Rxh3+ 31. Kg1 Rh1+ 32. Kxh1 Ng3+ 33. Kh2 Nxf1+ 34. Kg1 Qb5 35. a4 Qb7 36. Kxf1 1/2-1/2

[Event "BCF-chT 9899 (4NCL)"]
[Site "England"]
[Date "1999.01.24"]
[Round "6.5"]
[White "Sheldon, Ruth"]
[Black "Sands, David A"]
[Result "1/2-1/2"]
[WhiteElo "2265"]
[BlackElo "2251"]
[PlyCount "24"]
[EventDate "1998.10.??"]
[EventType "team"]
[EventRounds "11"]
[EventCountry "ENG"]
[SourceTitle "EXT 2000"]
[Source "ChessBase"]
[SourceDate "1999.11.16"]
[SourceVersion "1"]
[SourceVersionDate "1999.11.16"]
[SourceQuality "1"]
[WhiteTeam "NW Eagles"]
[BlackTeam "Barbican II"]
[WhiteTeamCountry "ENG"]
[BlackTeamCountry "ENG"]

1. d4 d5 2. c4 c6 3. Nf3 Nf6 4. Nc3 e6 5. cxd5 exd5 6. Qc2 g6 7. Bg5 Be7 8. e3 Bf5 9. Bd3 Bxd3 10. Qxd3 0-0 11. 0-0 Nbd7 12. Rab1 a5 1/2-1/2

[Event "South Wales Masters 2nd"]
[Site "Newport"]
[Date "1999.01.15"]
[Round "8"]
[White "Sheldon, Ruth"]
[Black "Crouch, Colin S"]
[Result "1/2-1/2"]
[WhiteElo "2265"]
[BlackElo "2430"]
[PlyCount "110"]
[EventDate "1999.01.??"]
[EventType "tourn"]
[EventRounds "9"]
[EventCountry "WLS"]
[EventCategory "2"]
[SourceTitle "CBM 068 Extra"]
[Source "ChessBase"]
[SourceDate "1999.03.01"]
[SourceVersion "1"]
[SourceVersionDate "1999.03.01"]
[SourceQuality "1"]

1. d4 d5 2. c4 c6 3. Nf3 Nf6 4. Nc3 dxc4 5. a4 Bf5 6. Ne5 Nbd7 7. Nxc4 Qc7 8. g3 e5 9. dxe5 Nxe5 10. Bf4 Nfd7 11. Bg2 f6 12. 0-0 g5 13. Nxe5 Nxe5 14. Be3 h5 15. Ne4 Be7 16. Qb3 Ng4 17. Bd4 Rf8 18. Rfd1 b6 19. Rac1 Rd8 20. Qc3 c5 21. b4 Bxe4 22. Bxe4 Kf7 23. h3 Ne5 24. Qb3+ Kg7 25. Qe6 Qd7 26. Qxd7 Nxd7 27. Be3 f5 28. Bf3 f4 29. gxf4 gxf4 30. Bd2 Ne5 31. Bc3 Bf6 32. Bxe5 Rxd1+ 33. Rxd1 Bxe5 34. Bxh5 cxb4 35. a5 bxa5 36. Rd5 Bc7 37. Rd7+ Kh6 38. Bf7 Bb6 39. Bb3 Kg6 40. Kg2 Rc8 41. Kf3 Rc3+ 42. Rd3 Rxd3+ 43. exd3 Kf5 44. Ke2 Ke5 45. f3 Be3 46. Kd1 Kd4 47. Kc2 Bf2 48. Kd2 Bh4 49. Ba4 Bf6 50. Bb3 Kc5 51. Ba4 Bc3+ 52. Kc2 Kd4 53. Bc6 Ke3 54. Kb3 Kxd3 55. h4 Kd4 1/2-1/2